| 000 -ლიდერი |
| ფიქსირებული სიგრძის საკონტროლო ველი |
01005nam a2200265Ia 4500 |
| 001 - საკონტროლო ნომერი |
| საკონტროლო ველი |
22771 |
| 003 - საკონტროლო ნომრის იდენტიფიკატორი |
| საკონტროლო ველი |
GE_BSU |
| 005 - ბოლო ოპერაციის თარიღი და დრო |
| საკონტროლო ველი |
20230607171517.0 |
| 008 - ფიქსირებული სიგრძის მონაცემთა ელემენტები - ზოგადი ინფორმაცია |
| ფიქსირებული სიგრძის საკონტროლო ველი |
181216s ||||ge |||||||||||||| ||geo|| |
| 020 ## - წიგნის საერთაშორისო სტანდარტული ნომერი |
| International Standard Book Number |
9789941003479 |
| 040 ## - კატალოგიზაციის წყარო |
| Transcribing agency |
GE_BSU |
| 041 ## - ენის კოდი |
| Language code of text/sound track or separate title |
geo |
| 080 ## - უნივერსალური ათობითი კლასიფიკაციის ინდექსი |
| Universal Decimal Classification number |
821.353.1 ბ-32 |
| 100 ## - მთავარი ჩანაწერი - პიროვნების სახელი |
| Personal name |
ბარბაქაძე, დათო |
| 9 (RLIN) |
17994 |
| 245 ## - ცნობა სათაურის შესახებ |
| Title |
ლექსები, 1984-2004 : |
| Remainder of title |
კრებული / |
| Statement of responsibility, etc |
დათო ბარბაქაძე. |
| 264 ## - წარმოების, გამოცემის, დისტრიბუციის და სხვა ცნობები |
| გამოცემის, წარმოების, დისტრიბუციის... ადგილი |
თბილისი : |
| გამოცემის, წარმოების, დისტრიბუციის... სახელწოდება |
მერწყული, |
| გამოცემის, წარმოების, დისტრიბუციის... თარიღი |
2008 |
| 300 ## - ფიზიკური აღწერა |
| Extent |
600 გვ. ; |
| Dimensions |
21სმ. |
| 500 ## - ზოგადი შენიშვნა |
| General note |
გარეკანზე კარლ შპიცვეგი ღარიბი პოეტი (1839) |
| 500 ## - ზოგადი შენიშვნა |
| General note |
შენიშვნები : გვ. 543-546 |
| 500 ## - ზოგადი შენიშვნა |
| General note |
საძიებელი და ქრონოლოგია : გვ. 547-552 |
| 653 ## - INDEX TERM--UNCONTROLLED |
| Uncontrolled term |
კრებული |
| 653 ## - INDEX TERM--UNCONTROLLED |
| Uncontrolled term |
ლექსები, 1984-2004 |
| 942 ## - ADDED ENTRY ELEMENTS (KOHA) |
| Koha item type |
წიგნი |
| Source of classification or shelving scheme |
|